Quizzes
Events
Quiz Creation
Community
Videos
Private Events
Remove Ads
Sign In
Join for FREE
Feedback
Dark Mode
Quiz Categories
Sports
Geography
Music
Movies
Television
Just For Fun
Miscellaneous
History
Literature
Language
Science
Gaming
Entertainment
Religion
Holiday
For Kids
Quiz Lab
Recent
Popular Today
Quiz Kudos Today
Editor Picks
Curator Picks
Quizzes by...
Day
Popularity
Type
Ratings
Length
Year
Community
Subscriptions
Recent Discussions
Orange Saloon
Badges
Playlists
Quests
Create
Leaderboards
Showdown
Live 5
Trivia Bingo
Activity
Puzzle Library
Sporcle Events
Private Events
Virtual Trivia
Globe League
Become a Host
Pub Owners
SporcleCon
Opinionation
Our Games
Videos
Blog
Mobile Apps
Partnerships
Remove Ads and Go Orange
Feedback
Sports
Athletes
MLB
NBA
NHL
NFL
Soccer
Sports Teams
WWE
NCAA
Football
Premier League
Basketball
Baseball
Hockey
Golf
Tennis
Cricket
Rugby
Auto Racing
Olympics
World Cup
Sports
Athletes
MLB
NBA
NHL
NFL
Soccer
Sports Teams
WWE
NCAA
Football
Premier League
Basketball
Baseball
Hockey
Golf
Tennis
Cricket
Rugby
Auto Racing
Olympics
World Cup
Random Quiz
Search Sporcle
×
Quiz Lab
Quiz Lab
Sports
Numbers
Type in answers that appear in a list
Type in answers that appear in a list
Classic
Best Score? Go Orange.
Abbreviations of the 4 Major Stats
Can you name the common shortened names that contain fewer or an equal number of syllables as the full team name?
By
koopa08
5m
70 Questions
2,058 Plays
2,058 Plays
2,058 Plays
Comments
Comments
Give Quiz Kudos
Give Quiz Kudos
-
- Ratings
hide this ad
Forced Order
Answers have to be entered in order
Answers have to be entered in order
Random Order
Randomize order of answers
Randomize order of answers
Replay
Link that replays current quiz
Next Quiz
Link to next quiz in quiz playlist
You Got
0%
They Got
Avg Score
65%
Avg Friend Score
Upgrade to see
Score Distribution
Jump to the score distribution portion of the page
Score
0/70
Timer
05:00
0
Plays Today
% Correct
Pats
92.4%
Jags
91.4%
BoSox/Sox/Sawx/Carmines/Nation
90.5%
Jays/Blue Birds/Blue Hyays
90.2%
Cards/Birds/Redbirds
89.7%
Sox/Pale Hose/Chi Sox
89.5%
Hawks/Birds
89.3%
Bucs
89.3%
A's/Elephants/Green and Gold
89.1%
Skins
88.9%
Pack
88.9%
Yanks/Bombers/Winners/Bronx Zoo
88.7%
Caps
88.5%
Cards/Birds/Redbirds
88.5%
Leafs
88.3%
Fins/Fish
88.2%
Hawks
88%
Cavs
88%
Nats/Natinals
87.6%
Wings
87.5%
T'Wolves/Wolves
86.3%
Blazers
86.2%
Canes
86.1%
Mavs
85.5%
Phils/Phightin's
84.4%
O's/Birds/Oreos
84.2%
Niners
82%
Sens
81.9%
Pens
81.8%
Celts/C's/Green
81.8%
Jackets
81.4%
D'Backs/Snakes/Rattlesnakes
81.3%
Fish/Fins
81%
Vikes
80.1%
Preds
79.7%
% Correct
Sixers
79.7%
Pads/Dres/Dads/Friars
78%
Bears/Grizz/Griz
75.2%
Avs/Lanche
73.7%
Birds
73%
Birds
72.4%
'Stros/Stars/Lastros
72.1%
Bolts
71.1%
Rocks/Rox
70.9%
Tigs/Tiggs/Bengals/Cats/Tabbies
68.6%
Halos/Wings/Seraphs
68.6%
Yotes/Coyotes (pronounced 'KY-yotes')/Dogs/Desert Dogs
68.5%
G-Men/Jints/Gints/Big Blue
66.5%
Birds
65.3%
Rappies/Raps/Dinos
65.1%
Brew Crew/Crew/Beersmen/Brew-Hahs
63.1%
Bolts/Ning
62.2%
Bucs/Buccos
58.5%
Isles
57.4%
Tribe/Wahoos
53.6%
Habs
52.1%
Deer
51.6%
Jints/G-Men/Gyros/Bays/Dozers
44.2%
M's
43%
Cats
24.7%
Blue Crew/Doyers/Azul
12.8%
Monarchs
9.3%
Barves
8.1%
Nucks
5.3%
Boys
5.2%
Cats
4.7%
Cats
4.6%
B's/Bears
3.6%
Lone Stars
3.5%
Blue Shirts/Rags
1.8%
Quiz Playlist
Details
Report
Send in Message
Add To Playlist
Classic:
Type in answers that appear in a list
Forced Order:
Answers have to be entered in order
Random Order:
Randomize order of answers
Last Updated: Feb 16, 2017
Quiz Scoreboard
CHALLENGE
Sign Up to Join the Scoreboard
Show All
Scores
Hide
Comments
May contain spoilers
Recently Published
One Thing in Common: World Cities II
by knightlancer
Geography
7m
Popular People in 1961
by mucciniale
History
6m
1-10 Letter E Words III
by El_Dandy
Language
2m
More to Explore
Quiz From the Vault
Featured Blog Post
Where Did the Easter Bunny Come From?
hide this ad
You Might Also Like...
Tags
Numbers Quiz
Abbreviation
common
Equal
Fewer
full
major
nickname
Syllable
team
Today's Top Quizzes in Sports
Browse Sports
hide this ad
Today's Top Quizzes in Numbers
Browse Numbers
Top Contributed Quizzes in Sports
1
Les meilleurs buteurs des matchs entre le PSG et l’OM
2
Les entraîneurs de l'OM et du PSG au 21e siècle
3
2022 World Cup Stars
4
FIFA Club World Cup Champions
5
Name the Premier League winners with different clubs
6
La finale Lions - Afrique du Sud 2021
7
Criteria MLB: Left Handed Sluggers
8
Players with Multiple 50 Home Run Seasons
9
MLB Players with Two .350 Batting Average Seasons
10
MLB Hall of Famer by Rings
Explore More
Trending Topics
Disney
Kpop
Harry Potter
Anime
Marvel
NBA
Crossword
Puzzle
Country
Song
NFL
Soccer
Pokémon
WWE
The Office
hide this ad
More By:
koopa08
Quiz
Plays
Rating
Category
Featured
Created
Classic Clickable Jokes VII
125,175
4.15
Just For Fun
Jun 17, 2012
Homophone Madness
90,525
4.06
Language
Jun 13, 2011
Rhymes with 'Ite'
71,818
4.58
Language
Jul 7, 2011
One Team NFL Passing Leaders
61,855
4.70
Sports
Jan 21, 2015
Elements By Anagram
13,655
4.75
Science
Mar 12, 2011
Go to Creator's Profile
Score Distribution
Quiz Creator Spotlight
koopa08
Follow
Send a Message
Quizzes Created
-
Created Quiz Play Count
-
More By This Creator
Popular Quizzes Today
1
Find the US States - No Outlines Minefield
2
The Countries of the World
3
Popular People in 1961
4
Find the Countries of Europe - No Outlines Minefield
5
1-10 Letter E Words III
6
Find the US States
7
One Thing in Common: World Cities II
8
US States
More Sports Quizzes
Учасники Євро-2020
Quiz Lab
Trending Quizzes
1-10 Letter F Words
1-10 Letter G Words
Risky Map Clicking: Next State Alphabetically
1-10 Letter F Words II
Risky Map Clicking: States by Unique Starting Letters
Recently Updated
Leaping Animals
pecheneg
Reality TV Shows (A-Z)
bhenderson79
Rickey Henderson's Hall of Fame Teammates
pecheneg
Champions League XIs: Arsenal
pecheneg
Quick Pick: Celebrities in WWE's Hall of Fame
aduchscher
A-Z Keypad Blitz II
pecheneg
Multiple Oscar Actors
pecheneg
Mystery Phrase Blitz: Oscar 'Best Actors'
pecheneg
F. Scott Fitzgerald Novels
LTH
Pick 3 Villains
ddd62291
Trending Topics
Marvel
Kpop
Crossword
Harry Potter
Disney
Anime
NBA
Puzzle
Soccer
Song
The Office
Country
Pokémon
NFL
WWE
Your Account Isn't Verified!
In order to create a playlist on Sporcle, you need to verify the email address you used during registration. Go to your
Sporcle Settings
to finish the process.
Report this User
Report this user for behavior that violates our
Community Guidelines
.
Details:
Send Report
Go to the Sporcle.com Mobile Site →
Comments